000 00827nam a2200229 a 4500
001 BRCA_4687
005 20190320204751.0
008 011010s1954----enka######---#000-0#eng-#
041 _aeng
044 _aenk
050 4 _aND631
_b.M55 1954
245 1 0 _a1954 [i.e. Mil Novecientos Cincuenta y Cuatro] Exhibition of Dutch & Flemish masters
_bEugene Slatter.
260 _aLondres
_c1954
300 _a31 p.
_bil., 24 láminas a color
_c26 cm.
500 _aCatálogo de la exposición realizada por la Galería Eugene Slatter del 5 mayo-14 julio, 1954 con la ayuda de The Dulwich College Picture Gallery
500 _aD59
650 1 4 _aPinturas holandesas
_vExposiciones
_911896
650 1 4 _aPinturas flamencas
_vExposiciones
_911897
650 1 4 _aGalerías y museos
_zInglaterra
_911898
902 _aGFM
942 _2lcc
_cB
999 _c4387
_d4387